The Paul Mace guide to data recovery
Αποθηκεύτηκε σε:
| Κύριος συγγραφέας: | |
|---|---|
| Μορφή: | Βιβλίο |
| Γλώσσα: | English |
| Δημοσίευση: |
New York :
Brady,
c1988
|
| Θέματα: | |
| Ετικέτες: |
Προσθήκη ετικέτας
Δεν υπάρχουν, Καταχωρήστε ετικέτα πρώτοι!
|
MARC
| LEADER | 00000cam a2200000 i 4500 | ||
|---|---|---|---|
| 001 | 1/39055 | ||
| 008 | 971006s1988 eng d | ||
| 020 | |a 0136544274 | ||
| 035 | |l 10040916 | ||
| 035 | |a 1997 |c ΔΩΡΕΑ ΤΖΑΦΕΡΗ | ||
| 040 | |a GR-MY-UA |b gre |e aacr | ||
| 041 | 0 | |a eng | |
| 082 | 0 | |a 005.7 | |
| 100 | 1 | |a Mace, Paul. | |
| 245 | 1 | 4 | |a The Paul Mace guide to data recovery / |c Paul Mace |
| 246 | 3 | 3 | |a Guide to data recovery |
| 260 | |a New York : |b Brady, |c c1988 | ||
| 300 | |a xix, 261 p.; |c 24 cm. | ||
| 500 | |a includes index | ||
| 650 | 0 | 0 | |a Data recovery (Computer science) |
| 852 | |a INST |b SAMOS |e 19971006 |h 005.7 MAC |p 005300008805 |q 005300008805 |t BK |y 0 | ||
| 852 | |a INST |b SAMOS |e 19971006 |h 005.7 MAC |p 005300008806 |q 005300008806 |t BK |y 0 | ||
| 901 | |a BIBL-1997-2 | ||
| 909 | |a Σ |b 050339 | ||
| 909 | |a Σ |b 050453 | ||